000 00210nam a2200097Ia 4500
008 240331s9999 xx 000 0 und d
082 _a294
_bILA
100 _aIlaiah , K
245 0 _aWhy I amnot a hindu
942 _cL
999 _c892
_d892